[Event "ch-IND National A"]
[Site "Calicut IND"]
[Date "2003.12.12"]
[Round "13"]
[White "Suvrajit,S"]
[Black "Hariharan,V"]
[Result "1/2-1/2"]
[WhiteElo "2387"]
[BlackElo "2245"]

1.Nf3 d5 2.g3 Nf6 3.Bg2 Bf5 4.d3 e6 5.O-O h6 6.Nbd2 Be7 7.b3 O-O 8.Bb2 Bh7
9.Re1 a5 10.a3 c5 11.e4 Nc6 12.e5 Nd7 13.a4 Qb8 14.Qe2 Nb4 15.Nf1 c4 16.bxc4 dxc4
17.Red1 cxd3 18.cxd3 Nb6 19.Ne3 Rd8 20.Bd4 N6d5 21.Rab1  1/2-1/2

[Event "XVI Carlos Torre Mem"]
[Site "Merida MEX"]
[Date "2003.12.13"]
[Round "2"]
[White "Hernandez,Ya"]
[Black "Muci Kuechler,H"]
[Result "1-0"]
[WhiteElo "2250"]
[BlackElo "2042"]

1.Nf3 d5 2.g3 Nf6 3.Bg2 c5 4.O-O Nc6 5.d3 e5 6.Nbd2 Be7 7.e4 dxe4 8.dxe4 Be6
9.Re1 h6 10.c3 Qc7 11.Qe2 a6 12.Nh4 g6 13.Nc4 Nh5 14.Ne3 Bxh4 15.Nd5 Bxd5
16.exd5 Ne7 17.gxh4 O-O-O 18.Qxe5 Qxe5 19.Rxe5 Nf5 20.Bh3 Ng7 21.Bf4 f6 22.Re7 Rd7
23.Rxd7 Kxd7 24.Re1 g5 25.Bg3 Re8 26.Kf1 Rxe1+ 27.Kxe1 Ke7 28.hxg5 hxg5 29.Bb8 Nd6
30.f4 gxf4 31.Ke2 f5 32.Kf3 Nge8 33.Kxf4 Kf6 34.Ba7 Nc7 35.Bg2 c4 36.Bd4+ Kg6
37.Bf3 Nf7 38.h4  1-0

[Event "Bundesliga 2003-4"]
[Site "Solingen GER"]
[Date "2003.12.13"]
[Round "5"]
[White "Appel,R"]
[Black "Houska,Jo"]
[Result "0-1"]
[WhiteElo "2513"]
[BlackElo "2358"]

1.Nf3 d5 2.g3 Nf6 3.Bg2 c6 4.O-O Bf5 5.d3 e6 6.Nbd2 Be7 7.Qe1 h6 8.e4 dxe4
9.dxe4 Bh7 10.Qe2 Nbd7 11.Ne1 Nc5 12.Kh1 Qd7 13.f3 Rd8 14.Nb3 Qc7 15.Nxc5 Bxc5
16.Nd3 Bb6 17.a4 a5 18.Bf4 Qe7 19.Ra3 O-O 20.Rb3 Bd4 21.Qe1 c5 22.Rb5 c4
23.Ne5 Rc8 24.Qxa5 c3 25.Qb4 Qxb4 26.Rxb4 Rfd8 27.bxc3 Bxc3 28.Rxb7 g5 29.Nxf7 gxf4
30.Nxd8 Rxd8 31.gxf4 Nh5 32.Rc7 Bf6 33.a5 Ra8 34.Rg1 Kh8 35.Bf1 Bd8 36.Rf7 Bxa5
37.Bc4 Bd2 38.Bxe6 Nxf4 39.Bf5 Bxf5 40.exf5 Be3 41.Re1 Rg8 42.f6 Bf2 43.Rd1 Nh5
44.Rfd7 Nxf6 45.Rd8 Ne8 46.Rf1 Bb6 47.Rb8 Bc7 48.Rc8 Bf4 49.Rg1 Ng7 50.Rxg8+ Kxg8
51.Rg4 Bg5 52.Kg2 Kf7 53.Re4 Nf5 54.Kh3 Nd6 55.Ra4 h5 56.Ra6 Nc4 57.f4 Bf6
58.Rc6 Ne3 59.Kg3 Nf5+ 60.Kg2 Nd4 61.Rc5 Ne6 62.Rc4 Nd4 63.Kf2 Ke6 64.Ke3 Nf5+
65.Kd3 Be7 66.Re4+ Kf6 67.Re2 Bc5 68.Ke4 Ke6 69.Rg2 Nd6+ 70.Kf3 Nf7 71.Rg6+ Kf5
72.Ra6 Bg1 73.h3 Bh2 74.Ra5+ Kg6 75.Rd5 h4 76.Ke4 Kf6 77.c4 Bg3 78.c5 Ke6
79.Rd1 Bf2 80.c6 Bb6 81.Rd7 Nd6+ 82.Kf3 Ne8 83.Rh7 Bd8 84.Rh8 Kf7 85.Ke4 Bf6
86.Rh7+ Ke6 87.c7 Nd6+ 88.Kf3 Be7 89.f5+ Kf6 90.Rh6+  0-1

[Event "RUS-UKR Blitz g/3"]
[Site "bereg.ru INT"]
[Date "2003.12.14"]
[Round "4"]
[White "Miroshnichenko,E"]
[Black "Dobrov,V"]
[Result "0-1"]
[WhiteElo "2571"]
[BlackElo "2492"]

1.Nf3 d5 2.g3 Nf6 3.Bg2 Bf5 4.O-O e6 5.c4 c6 6.d3 h6 7.cxd5 exd5 8.Nc3 Be7
9.Qb3 Qb6 10.Qc2 O-O 11.e4 dxe4 12.dxe4 Bh7 13.Be3 Qa5 14.Rfe1 Nbd7 15.Nd2 Rfe8
16.Nc4 Qa6 17.Qe2 Bb4 18.f3 Nb6 19.Nxb6 axb6 20.Qxa6 Rxa6 21.Rec1 b5 22.a3 Bf8
23.Na2 Nd5 24.Bf2 Nc7 25.Nb4 Raa8 26.Nd3 Ne6 27.Nc5 Nxc5 28.Bxc5 Bxc5+ 29.Rxc5 Red8
30.Rc2 b4 31.Bf1 Kf8 32.Kf2 f5 33.Ke3 fxe4 34.fxe4 Ke7 35.Bd3 Ra5 36.Rb1 bxa3
37.bxa3 Rd7 38.Rc3 Ra4 39.Rb4 Ra5 40.h4 Kd8 41.Rb2 Kc7 42.Rf2 Re7 43.Rf4 Ra4
44.h5 Bg8 45.Kf3 Bf7 46.g4 Be8 47.e5 Ra5 48.Re4 Raxe5 49.Kf4 Rxe4+ 50.Bxe4 Bd7
51.Bf5 Rf7 52.Ke5 b6 53.a4 Re7+ 54.Kf4 c5 55.Bxd7 Rxd7 56.Kf5 Rd6 57.a5 bxa5
58.Rxc5+ Kb6 59.Rc8 a4 60.Rg8 Rd7 61.Rb8+ Rb7 62.Ra8 Ra7 63.Rb8+ Kc5 64.Rb1 a3
65.Kg6 a2 66.Ra1 Kd4 67.Rxa2 Rxa2 68.Kxg7 Ra6 69.Kh7 Ke4 70.Kg7 Kf4  0-1

[Event "RUS-UKR Blitz g/3"]
[Site "bereg.ru INT"]
[Date "2003.12.14"]
[Round "10"]
[White "Miroshnichenko,E"]
[Black "Potkin,V"]
[Result "0-1"]
[WhiteElo "2571"]
[BlackElo "2534"]

1.Nf3 d5 2.g3 Nf6 3.Bg2 c6 4.c4 dxc4 5.O-O Be6 6.Qc2 Bd5 7.a4 Na6 8.Na3 Nb4
9.Qc3 Ne4 10.Qxb4 a5 11.Qxb7 Nc5 12.Qxa8 Qxa8 13.d4 Nb3 14.Rb1 e6 15.Bf4 Be7
16.Rfe1 Be4 17.Rbd1 Bxa3 18.bxa3 c3 19.Ne5 Bxg2 20.Kxg2 c2 21.Rd3 c5+ 22.e4 Nxd4
23.Rc3 O-O 24.f3 Rc8 25.Be3 f6 26.Nc4 Qc6 27.Rc1 Ne2 28.R1xc2 Nxc3 29.Rxc3 Rb8
30.Nxa5 Qxa4 31.Nc4 e5 32.Bf2 Rb3 33.Rc1 Qb5 34.Rc2 Rd3 35.Ne3 Rxa3 36.Rc1 h6
37.g4 Qb2 38.Re1 Ra2 39.Rf1 Qb3 40.Nd5 c4 41.Kg3 c3 42.Be3 c2 43.Rc1 Ra5
44.h4 Rxd5 45.exd5 Qxe3 46.Rxc2 Qg1+ 47.Kh3 Qf1+ 48.Kg3 Qe1+ 49.Kg2 Qd1 50.Rf2 Qxd5
51.Re2 Qd4 52.Re4 Qd3 53.Kg3 Kf7 54.h5 g6 55.Re1 gxh5 56.gxh5 Qd4 57.Kg2 f5
58.Kf1 Kf6 59.Re2 e4 60.f4 e3  0-1

[Event "1st GM"]
[Site "Kish IRI"]
[Date "2003.12.14"]
[Round "2"]
[White "Bojkov,D"]
[Black "Ghane,S"]
[Result "1-0"]
[WhiteElo "2398"]
[BlackElo "2371"]

1.Nf3 d5 2.g3 Nf6 3.Bg2 e6 4.O-O Be7 5.d3 c5 6.c4 Nc6 7.Nc3 O-O 8.e4 dxe4
9.dxe4 Nd7 10.Bf4 e5 11.Be3 Re8 12.Nd5 Nf8 13.Qa4 Bg4 14.Qb5 Bxf3 15.Bxf3 Ne6
16.Qxb7 Ncd4 17.Bxd4 Nxd4 18.Bg4 Bd6 19.h4 Qa5 20.Bh5 Rf8 21.Bxf7+ Kh8 22.Bh5 Rab8
23.Qd7 Rfd8 24.Qg4 Rxb2 25.a4 Rf8 26.Qg5 Nb3 27.Rab1 Rxb1 28.Rxb1 Qxa4 29.Qe3 Nd4
30.Rb7 Qxc4 31.Rxa7 Qc2 32.Rd7 Bb8 33.Bf7 c4 34.Qa3 Qc1+ 35.Qxc1 Ne2+ 36.Kf1 Nxc1
37.Nc3 Nd3 38.Na4 g6 39.Ke2 Nxf2 40.Nc5 c3 41.Bb3 Nh1 42.Ne6 Nxg3+ 43.Ke3 Rc8
44.Ng5 Rc7 45.Rd8+ Kg7 46.Kd3 Rb7 47.Bd5 Rc7 48.Kc2 Ne2 49.Ne6+ Kh6 50.Rxb8  1-0

[Event "FSIM December"]
[Site "Budapest HUN"]
[Date "2003.12.15"]
[Round "10"]
[White "Sergeev,Vl"]
[Black "Porat,I"]
[Result "1-0"]
[WhiteElo "2447"]
[BlackElo "2255"]

1.Nf3 d5 2.g3 Bg4 3.Bg2 c6 4.b3 Nd7 5.Bb2 Ngf6 6.O-O e6 7.d3 Bc5 8.c4 O-O
9.a3 a5 10.Nbd2 Re8 11.d4 Bd6 12.Ne5 Bf5 13.h3 Qc7 14.g4 Bg6 15.Nxg6 hxg6
16.Rc1 Qb8 17.e3 Nh7 18.f4 f5 19.Nf3 Ndf6 20.Ne5 Nf8 21.Rc2 Ne4 22.Bf3 Qd8
23.Bxe4 dxe4 24.a4 Qh4 25.Kg2 Rad8 26.Qe1 Qxe1 27.Rxe1 g5 28.fxg5 Bxe5 29.dxe5 fxg4
30.h4 Rd3 31.Kg3 Rxb3 32.Kxg4 Ng6 33.h5 Rxb2 34.Rxb2 Nxe5+ 35.Kg3 Nd3 36.Ree2 Nxb2
37.Rxb2 Rf8 38.Rxb7 Rf3+ 39.Kg4 Rxe3 40.Rb8+ Kf7 41.g6+ Kf6 42.Rf8+ Ke5 43.h6 Re1
44.hxg7 Rg1+ 45.Kh3 Rxg6 46.g8=Q  1-0

[Event "2nd Women's Masters"]
[Site "Belfort FRA"]
[Date "2003.12.17"]
[Round "3"]
[White "Foisor,C"]
[Black "Gaponenko,I"]
[Result "1/2-1/2"]
[WhiteElo "2398"]
[BlackElo "2409"]

1.g3 d5 2.Nf3 Nf6 3.Bg2 c5 4.O-O Nc6 5.d4 e6 6.c4 dxc4 7.Qa4 cxd4 8.Nxd4 Qxd4
9.Bxc6+ Bd7 10.Rd1 Bxc6 11.Qxc6+ bxc6 12.Rxd4 c5 13.Rxc4 Be7 14.Nc3 Rb8 15.Ra4 Rb7
16.Bg5 Nd7 17.Bxe7 Kxe7 18.b3 Nb6 19.Ra5 c4 20.b4 Rd8 21.a3 Rd2 22.Rc1 Nd5
23.Nxd5+ exd5 24.e4 Rc7 25.exd5 Kd6 26.Kg2 Rxd5 27.Ra6+ Ke5 28.Re1+ Kd4 29.Rd1+ Ke5
30.Re1+ Kf5 31.Kf3 h5 32.h3 f6 33.a4 c3 34.Rc1 c2 35.b5 Rd1 36.Rc6 Rxc1 37.Rxc7 Ra1
38.Rxc2 Rxa4 39.Rc5+ Kg6 40.h4 Rb4 41.Ke3 Kh6 42.Kd3 Rb2 43.Ke3 Rb4  1/2-1/2

[Event "TCh-BEL 2003-4"]
[Site "Belgium BEL"]
[Date "2003.12.23"]
[Round "5"]
[White "Carlier,B"]
[Black "Claesen,P"]
[Result "1/2-1/2"]
[WhiteElo "2415"]
[BlackElo "2382"]

1.Nf3 d5 2.g3 Bg4 3.Bg2 e6 4.O-O Nf6 5.d4 Be7 6.c4 O-O 7.Nc3 c6 8.Ne5 Bf5
9.Qb3 Qb6 10.c5 Qxb3 11.axb3 Nbd7 12.Bg5 Rfe8 13.Nxd7 Nxd7 14.Bxe7 Rxe7 15.f4 a6
16.Bf3 Nf6 17.Kg2 Rd8 18.h3 Be4 19.g4 Red7 20.e3 Bxf3+  1/2-1/2

[Event "BC Masters"]
[Site "Bois Colombes FRA"]
[Date "2003.12.23"]
[Round "3"]
[White "Wirig,A"]
[Black "Rainfray,A"]
[Result "1/2-1/2"]
[WhiteElo "2424"]
[BlackElo "2409"]

1.g3 d5 2.Nf3 Nf6 3.Bg2 c6 4.c4 e6 5.Qc2 Be7 6.b3 O-O 7.Bb2 b6 8.O-O Bb7
9.d4 Nbd7 10.Nbd2 c5 11.dxc5 Bxc5 12.Ne5 Nxe5 13.Bxe5 Qe7 14.Qb2 Rfd8 15.Bxf6 Qxf6
16.Qxf6 gxf6 17.Rad1 Kg7 18.Nb1 Rd7 19.cxd5 exd5 20.Nc3 Rad8 21.Nb5 Ba6 22.a4 Re7
23.Bf3 d4 24.Rd3 Bxb5 25.axb5 Rd6 26.Ra1 Rd8 27.Ra4 Rc7 28.Rc4 Rcd7 29.Bc6 Rc7
30.b4 Be7 31.Rcxd4 Rxd4 32.Rxd4 a6 33.Kg2 axb5 34.Bxb5 h6 35.Bd3 Rc3 36.Kf3 Rc7
37.Kg4 Ra7 38.b5 Rc7 39.f3 Bc5 40.Rd8 Re7 41.e4 Rc7 42.f4 Re7 43.Rc8 Bd4
44.Kf3 Ra7 45.Bc4 Re7 46.Bd5 Rd7 47.g4 Ra7 48.h4 Re7 49.h5 Rd7 50.Ra8 Bc5
51.Ke2 Re7 52.Bc6 Re6 53.Kd3 Re7 54.Kc4 Re6 55.Ra2 Be3 56.Ra7 Bc5 57.Rd7 Re7
58.Rd8 Ra7 59.Bd5 Re7 60.Kd3 Bg1 61.Rc8 Ra7 62.Rc6 Re7 63.Ke2 Ra7 64.Kf3 Re7
65.Kg3 Bd4 66.g5 hxg5 67.fxg5 fxg5 68.Kg4 Be3 69.Kf5 Rd7 70.Bc4 Rb7 71.e5 Bf4
72.h6+ Kh7 73.Bd3 Rd7 74.Bc2 Rd8 75.Kf6+ Kh8 76.Rxb6 g4 77.Kf5 g3 78.Be4 Bxe5
79.Rc6 Bd4 80.Kf4 Re8 81.Bg2 Re6 82.Rc4 Be3+ 83.Kxg3 Rxh6 84.Bc6 Kg7 85.Kf3 Bb6
86.Ra4 Kf8 87.Ra6 Bc5 88.b6 Rxc6 89.b7 Rxa6 90.b8=Q+ Kg7 91.Qe5+ Rf6+ 92.Kg4 Bd6  1/2-1/2

[Event "BC Masters"]
[Site "Bois Colombes FRA"]
[Date "2003.12.27"]
[Round "6"]
[White "Shoker,S"]
[Black "Janev,E"]
[Result "0-1"]
[WhiteElo "2273"]
[BlackElo "2423"]

1.Nf3 d5 2.g3 c6 3.Bg2 Bg4 4.O-O Nd7 5.c4 dxc4 6.Na3 Bxf3 7.Bxf3 Ne5 8.Bg2 e6
9.Qc2 h5 10.Nxc4 Nxc4 11.Qxc4 Nf6 12.b4 a6 13.a4 Nd5 14.Rb1 Rc8 15.a5 h4
16.d4 Be7 17.Rd1 Nc7 18.e4 Nb5 19.Qd3 hxg3 20.hxg3 e5 21.d5 cxd5 22.exd5 Nc3
23.Bb2 Nxd1 24.Rxd1 Bd6 25.Re1 O-O 26.Bh3 Rc7 27.Kg2 Re8 28.Re4 g6 29.Rh4 f5
30.Qd2 Rh7 31.Rh6 Kg7 32.Bc1 Reh8 33.Rxh7+ Rxh7 34.Bb2 Qh8 35.Bxf5 Rh2+ 36.Kg1 Rh1+
37.Kg2 Qh2+ 38.Kf3 Kh7 39.Qg5 Qh5+ 40.Qxh5+ Rxh5 41.Bc8 Rh1 42.Ke3 Rb1 43.Bc3 Rb3
44.Kd2 Bxb4 45.Bxb4 Rxb4 46.Kc3 Rb1 47.Be6 Kg7 48.d6 Kf6 49.Bd5 Rb5 50.Kc4 Rxa5
51.g4 g5 52.f3 b6  0-1

[Event "2nd Open"]
[Site "Nantes FRA"]
[Date "2003.12.27"]
[Round "3"]
[White "David,Vi"]
[Black "Mullon,J"]
[Result "0-1"]
[WhiteElo "2320"]
[BlackElo "2325"]

1.Nf3 d5 2.g3 c6 3.Bg2 Nf6 4.O-O Bg4 5.d3 Nbd7 6.Qe1 e5 7.e4 dxe4 8.dxe4 Be7
9.Nbd2 O-O 10.b3 Bb4 11.Bb2 Bxf3 12.Bxf3 Qa5 13.c3 Bxc3 14.Bxc3 Qxc3 15.Qe2 Rfd8
16.Nc4 Qb4 17.Qb2 Qe7 18.b4 Ne8 19.Rad1 Rab8 20.Bg4 f6 21.a4 Nb6 22.Ne3 g6
23.a5 Nd7 24.b5 Nc5 25.a6 Nc7 26.bxc6 bxc6 27.Rxd8+ Rxd8 28.Be2 Kg7 29.Qa3 Rd7
30.Rc1 N5xa6 31.Qa4 Nb4 32.Rb1 c5 33.Qxa7 Ncd5 34.Qa8 Nxe3 35.fxe3 Ra7 36.Qb8 Qb7  0-1

[Event "Christmas Open"]
[Site "Zurich SUI"]
[Date "2003.12.27"]
[Round "2"]
[White "Kengis,E"]
[Black "Kamber,B"]
[Result "1-0"]
[WhiteElo "2572"]
[BlackElo "2287"]

1.Nf3 d5 2.g3 Nf6 3.Bg2 e6 4.d4 c5 5.O-O Nc6 6.c4 dxc4 7.Ne5 Bd7 8.Na3 Rc8
9.Nxd7 Qxd7 10.dxc5 Bxc5 11.Nxc4 Qxd1 12.Rxd1 Ke7 13.Bf4 Rhd8 14.Rxd8 Nxd8
15.Rc1 Nc6 16.Bxc6 bxc6 17.Kg2 Nd5 18.Ne5 Nxf4+ 19.gxf4 Bd6 20.Nxc6+ Ke8
21.e3 Rc7 22.Rc3 Kd7 23.Nd4 Rxc3 24.bxc3 f5 25.Kf3 h6 26.h3 g5 27.fxg5 hxg5
28.e4 Be5 29.exf5 exf5 30.Nxf5 Bxc3 31.Kg4 Bd2 32.Ng3  1-0

[Event "Christmas Open"]
[Site "Zurich SUI"]
[Date "2003.12.27"]
[Round "3"]
[White "Burmakin,V"]
[Black "Nilsson,S"]
[Result "1-0"]
[WhiteElo "2590"]
[BlackElo "2158"]

1.Nf3 d5 2.g3 c5 3.Bg2 Nc6 4.d4 e6 5.O-O Nf6 6.c4 Be7 7.cxd5 exd5 8.Nc3 O-O
9.Bg5 cxd4 10.Nxd4 h6 11.Be3 Re8 12.Qc2 Bg4 13.h3 Be6 14.Rad1 Qd7 15.Nxe6 fxe6
16.f4 Rad8 17.Bf2 Bf8 18.e4 Qf7 19.exd5 exd5 20.Qb3 Ne4 21.Bxe4 dxe4 22.Qxf7+ Kxf7
23.Rxd8 Rxd8 24.Nxe4 Rd5 25.Rc1 g5 26.Be3 Kg6 27.Kg2 Be7 28.Kf3 Rb5 29.b3 Ra5
30.Rc2 gxf4 31.gxf4 Bf8 32.Rd2 b6 33.Rc2 Nb4 34.Rc8 Be7 35.a4 Rh5 36.Kg4 Rh4+
37.Kg3 Nd5 38.Rc6+ Kh7 39.Bd2 Rh5 40.Nd6 Kg7 41.Nc8 Rf5 42.Nxa7 h5 43.Nc8 Bc5
44.a5 Rf6 45.Rxf6 Kxf6 46.Nxb6 Bxb6 47.axb6 Nxb6 48.b4 Nc4 49.Bc3+ Kf5 50.Kf3 Nd6
51.Be5 Nb5 52.Ke3  1-0

[Event "Christmas Open"]
[Site "Zurich SUI"]
[Date "2003.12.28"]
[Round "4"]
[White "Eidinger,H"]
[Black "Fierz,M"]
[Result "1-0"]
[WhiteElo "2145"]
[BlackElo "2280"]

1.g3 d5 2.Nf3 Nf6 3.Bg2 c6 4.O-O Bf5 5.d3 e6 6.Nbd2 Be7 7.b3 h6 8.Bb2 O-O
9.Re1 a5 10.e4 Bh7 11.a4 dxe4 12.Nxe4 Nbd7 13.Qe2 Qc7 14.Rad1 Rae8 15.Nfd2 Nd5
16.Nc4 Bb4 17.Qg4 e5 18.Ned2 f5 19.Qh5 N7f6 20.Qh4 Nc3 21.Ra1 b5 22.axb5 cxb5
23.Na3 Qc5 24.Ndb1 Ng4 25.Nxc3 Bxc3 26.Bxc3 b4 27.Bb2 Qxf2+ 28.Kh1 Qb6 29.Bd5+ Kh8
30.Nc4 Qc5 31.Bf3 Nf2+ 32.Kg2 e4 33.d4 exf3+ 34.Kxf2 Qc6 35.Qh5 f4 36.gxf4 Re2+
37.Rxe2 fxe2 38.Qe5 Qd7 39.d5 Bxc2 40.Rg1 e1=Q+ 41.Rxe1 Qg4 42.Ke3 Bxb3 43.Nxa5 Bxd5
44.Qxd5 Qxf4+ 45.Kd3 Rg8 46.Re2 Qf1 47.Qe5 Qf3+ 48.Kc4 Qg4+ 49.Kb3 Qf3+ 50.Kxb4 Qg4+
51.Bd4 Qf3 52.Nc4 Qg4 53.Nd6 Qg6 54.Kc4 Rd8 55.Kc5 Rf8 56.Qxg7+ Qxg7 57.Bxg7+ Kxg7
58.Rg2+ Kh7 59.Kd5 h5 60.Ke6 Rf1 61.Nf5 h4 62.Rg7+ Kh8 63.Rg4 h3 64.Kf6 Ra1
65.Rh4+ Kg8 66.Ne7+  1-0

[Event "Christmas Open"]
[Site "Zurich SUI"]
[Date "2003.12.29"]
[Round "6"]
[White "Kengis,E"]
[Black "Ginsburg,G"]
[Result "1/2-1/2"]
[WhiteElo "2572"]
[BlackElo "2483"]

1.Nf3 d5 2.g3 Nf6 3.Bg2 c5 4.O-O Nc6 5.d4 e6 6.c4 Be7 7.dxc5 Bxc5 8.a3 O-O
9.b4 Be7 10.Bb2 Bd7 11.Nbd2 Rc8 12.Rc1 a6 13.Nb3 dxc4 14.Rxc4 Nb8 15.Rxc8 Qxc8
16.Qb1 Bc6 17.Rc1 Qd8 18.Nc5 Nbd7 19.Nxd7 Nxd7 20.Qa1 Bf6 21.Bxf6 Nxf6 22.Qe5 Qb6
23.Qd4 Qb5 24.Qb2 Qb6 25.Qd4 Qb5 26.Qb2 Qb6 27.Ne5 Bxg2 28.Kxg2 h6  1/2-1/2

[Event "12th Donau Open"]
[Site "Aschach GER"]
[Date "2003.12.30"]
[Round "6"]
[White "Stanec,N"]
[Black "Sandhoefner,F"]
[Result "1-0"]
[WhiteElo "2557"]
[BlackElo "2233"]

1.Nf3 d5 2.g3 Nf6 3.Bg2 Bf5 4.d3 e6 5.Nh4 Bg4 6.h3 Bh5 7.g4 Nfd7 8.Nf3 Bg6
9.Nbd2 Bd6 10.e3 O-O 11.b3 c6 12.Bb2 e5 13.h4 f6 14.h5 Bf7 15.Nh4 Re8 16.Nf5 Bf8
17.a3 Nb6 18.Qf3 h6 19.Qg3 c5 20.O-O N8d7 21.f4 exf4 22.exf4 Rc8 23.c4 Be6
24.Rae1 Bxf5 25.gxf5 dxc4 26.dxc4 Qc7 27.Re6 Be7 28.Ne4 Kh8 29.Re1 Nf8 30.Nd6 Qxd6
31.Rxd6 Bxd6 32.Bxb7 Rxe1+ 33.Qxe1 Rb8 34.Bc6 Nxc4 35.Bxf6 Rxb3 36.Bc3 Nxa3
37.f6  1-0

[Event "Open"]
[Site "Lilie Litomysl CZE"]
[Date "2003.12.30"]
[Round "7"]
[White "Gross,S"]
[Black "Vales,V"]
[Result "1-0"]
[WhiteElo "2310"]
[BlackElo "2213"]

1.g3 d5 2.Nf3 c6 3.Bg2 Bg4 4.b3 Nd7 5.Bb2 Ngf6 6.O-O e6 7.d3 Bd6 8.Nbd2 O-O
9.Qe1 Re8 10.e4 e5 11.h3 Bh5 12.Nh4 Qa5 13.a3 Qc5 14.c4 a5 15.Nf5 Bb8 16.exd5 cxd5
17.cxd5 Qc2 18.Qc1 Qxd3 19.Ne3 Ba7 20.Qc3 Be2 21.Qxd3 Bxd3 22.Rfc1 Nc5 23.Nec4 Bxc4
24.Rxc4 Nd3 25.Bc3 b5 26.Rc7 Bxf2+ 27.Kf1 b4 28.axb4 axb4 29.Rxa8 Rxa8 30.Bxe5 Re8
31.Be4 Rxe5 32.Bxd3 Bxg3 33.Rc8+ Re8 34.Rxe8+ Nxe8 35.Ne4 Be5 36.Bb5 Kf8
37.Ke2 Nc7 38.Bc4 Ke7 39.d6+ Bxd6 40.Nxd6 Kxd6 41.Bxf7 Ne6 42.Ke3 Nd8  1-0

[Event "12th Donau Open"]
[Site "Aschach GER"]
[Date "2003.12.31"]
[Round "7"]
[White "Tratar,M"]
[Black "Krivoshey,S"]
[Result "1/2-1/2"]
[WhiteElo "2452"]
[BlackElo "2495"]

1.Nf3 d5 2.g3 c6 3.Bg2 Bg4 4.d3 Nf6 5.O-O Nbd7 6.Nbd2 e5 7.e4 dxe4 8.dxe4 Be7
9.h3 Bh5 10.Qe1 O-O 11.Nc4 Qc7 12.Bd2 Rfe8 13.Bc3  1/2-1/2

[Event "ch-AUS"]
[Site "Adelaide AUS"]
[Date "2004.01.02"]
[Round "4"]
[White "Hacche,D"]
[Black "Rogers,I"]
[Result "0-1"]
[WhiteElo "2206"]
[BlackElo "2574"]

1.Nf3 d5 2.g3 c6 3.Bg2 Bg4 4.O-O Nd7 5.d3 Ngf6 6.h3 Bh5 7.Qe1 e6 8.e4 Bc5
9.Nbd2 O-O 10.a4 a5 11.e5 Ne8 12.Kh1 f6 13.g4 Bg6 14.Nb3 Bb4 15.Qe2 Nc7 16.c3 Be7
17.Bf4 f5 18.g5 Bh5 19.Qd2 c5 20.Ne1 c4 21.Nd4 Nc5 22.h4 h6 23.f3 hxg5 24.hxg5 Kf7
25.Rf2 Rh8 26.Kg1 Bg6 27.Bf1 Rh4 28.Rg2 cxd3 29.Bxd3 Qd7 30.b3 Rah8 31.Kf2 Qd8
32.b4 axb4 33.cxb4 Ne4+ 34.fxe4 dxe4 35.Ne2 Nd5 36.Bxe4 fxe4 37.Be3 Bxb4
38.Qc1 Rh3 39.Ng3 Bc3 40.Rb1 b6 41.Nc2 Bxe5 42.a5 Rxg3 43.Rxg3 Bxg3+ 44.Kxg3 Bf5
45.Kg2 Qc7 46.axb6 Qxc2+  0-1

[Event "CXSP"]
[Site "Sao Paulo BRA"]
[Date "2004.01.07"]
[Round "1"]
[White "Barrionuevo,A"]
[Black "Santos,MVM"]
[Result "0-1"]
[WhiteElo "2149"]
[BlackElo "2311"]

1.Nf3 d5 2.g3 c5 3.Bg2 Nc6 4.c4 d4 5.O-O e5 6.d3 f6 7.e3 Bg4 8.h3 Be6 9.exd4 cxd4
10.Na3 Bd6 11.Nc2 Qd7 12.Kh2 Nge7 13.Re1 O-O 14.Qe2 Bf7 15.Nd2 f5 16.b4 Rae8
17.b5 Nd8 18.Qf1 Ne6 19.Nf3 Ng6 20.Bd2 h6 21.Bb4 Nc5 22.Nd2 e4 23.Bxc5 Bxc5
24.Nb3 b6 25.Rad1 exd3 26.Bc6 Rxe1 27.Nxe1 Qd6 28.Nxd3 Bxc4 29.f4 Ne7 30.Qf3 Nxc6
31.Ndxc5 Bd5 32.Nb7 Bxf3 33.Nxd6 Bxd1 34.bxc6 Bxb3 35.axb3 d3  0-1

[Event "TCh-BEL 2003-4"]
[Site "Belgium BEL"]
[Date "2004.01.11"]
[Round "6"]
[White "Schebler,G"]
[Black "Van Haastert,E"]
[Result "1-0"]
[WhiteElo "2480"]
[BlackElo "2435"]

1.Nf3 d5 2.g3 c6 3.Bg2 Nf6 4.c4 Bg4 5.Ne5 Bh5 6.cxd5 cxd5 7.Nc3 e6 8.Qa4+ Nbd7
9.g4 Bg6 10.h4 Bd6 11.d4 h6 12.Nxg6 fxg6 13.Qc2 Nf8 14.g5 hxg5 15.hxg5 Rxh1+
16.Bxh1 Nh5 17.e4 Bf4 18.Bxf4 Nxf4 19.O-O-O Qxg5 20.Kb1 a6 21.Re1 dxe4 22.Nxe4 Qa5
23.Rc1 Rd8 24.Nc5 Qb4 25.Bxb7 Qxd4 26.Bxa6 Kf7 27.Qe4 g5 28.Qxd4 Rxd4 29.a4 g4
30.a5 Nd7 31.Nxd7 Rxd7 32.Bc8 Ra7 33.a6 Nd5 34.Rc4 Kf6 35.Rc6 Nc7 36.Rxc7 Rxc7
37.Bb7  1-0

[Event "TCh-BEL 2003-4"]
[Site "Belgium BEL"]
[Date "2004.01.11"]
[Round "6"]
[White "Motwani,P"]
[Black "Goloshchapov,A"]
[Result "1-0"]
[WhiteElo "2537"]
[BlackElo "2572"]

1.Nf3 d5 2.g3 g6 3.Bg2 Bg7 4.d4 Nf6 5.c4 dxc4 6.Na3 O-O 7.O-O Na6 8.Nxc4 c5
9.b3 Be6 10.Bb2 Bd5 11.Rc1 Rc8 12.Qd2 b5 13.Nce5 c4 14.bxc4 bxc4 15.Ne1 Bxg2
16.Nxg2 Ne4 17.Qc2 c3 18.Qxe4 cxb2 19.Rb1 Qb6 20.e3 Qb5 21.Nd3 Rc2 22.Rfd1 e5
23.Nge1 Rc7 24.dxe5 Rc4 25.Rxb2 Qa4 26.Qf3 Rd8 27.Rdb1 Nc7 28.Rb8 Qe8 29.Rxd8 Qxd8
30.Qb7 Ne6 31.Qxa7 Rc8 32.Qa4 Qd5 33.e4 Qd8 34.Kg2 h5 35.h4 Qc7 36.Rc1 Qb7
37.Rxc8+ Qxc8 38.Nf3 Qb7 39.Qc4 Qa7 40.a4  1-0

[Event "ch-Commonwealth"]
[Site "Mumbai IND"]
[Date "2004.01.11"]
[Round "2"]
[White "Venkatesh,H"]
[Black "Shetty,R"]
[Result "1/2-1/2"]
[WhiteElo "2094"]
[BlackElo "2382"]

1.Nf3 d5 2.g3 Bg4 3.Bg2 Nd7 4.d3 e5 5.Nbd2 c6 6.O-O Bd6 7.h3 Bh5 8.e4 Ne7
9.exd5 cxd5 10.c4 O-O 11.cxd5 Nxd5 12.Qb3 N5b6 13.d4 exd4 14.Nxd4 Nc5 15.Qb5 Bg6
16.Rd1 Qf6 17.Nf1 Rad8 18.Be3 h6 19.Qe2 Be5 20.Qf3 Nc4 21.Qxf6 Bxf6 22.Nb3 Nxe3
23.Nxe3 b6 24.Nd5 Bxb2 25.Ne7+ Kh7 26.Nxg6 Kxg6 27.Rab1 Nxb3 28.axb3 Bd4
29.Rd2 Rd6 30.b4 b5 31.Bf1 a6 32.Bg2 Rfd8 33.Kf1 Kf6 34.Rbd1 Ke7 35.Bb7 Bc3
36.Rxd6 Rxd6 37.Rxd6 Kxd6 38.Bxa6 Kc6 39.f4 Bxb4 40.Ke2 Kc5 41.Kd3 Be1 42.g4 Kb4
43.f5 Bg3 44.Bb7  1/2-1/2

[Event "ch-Commonwealth"]
[Site "Mumbai IND"]
[Date "2004.01.11"]
[Round "2"]
[White "Yogesh,G"]
[Black "Saptarshi,R"]
[Result "1/2-1/2"]
[WhiteElo "2268"]
[BlackElo "2329"]

1.Nf3 d5 2.g3 g6 3.Bg2 Bg7 4.d3 e5 5.Nbd2 Ne7 6.e4 c6 7.Qe2 O-O 8.O-O Qc7
9.c4 d4 10.b4 h6 11.Nb3 b6 12.Nh4 g5 13.Nf3 Ng6 14.h4 gxh4 15.Nxh4 Nxh4 16.gxh4 Kh7
17.f4 Qe7 18.fxe5 Nd7 19.Nxd4 Nxe5 20.Nf5 Bxf5 21.exf5 Rg8 22.d4 Nf3+ 23.Qxf3 Bxd4+
24.Be3 Bxe3+ 25.Kh1 Qxh4+ 26.Qh3 Qxh3+ 27.Bxh3 Rg3 28.Kh2 Rag8 29.f6 Bd4
30.Rae1 Ra3 31.Re7 Kg6  1/2-1/2

[Event "CXSP"]
[Site "Sao Paulo BRA"]
[Date "2004.01.11"]
[Round "6"]
[White "Barrionuevo,A"]
[Black "Van Riemsdijk,H"]
[Result "0-1"]
[WhiteElo "2149"]
[BlackElo "2409"]

1.Nf3 d5 2.g3 Nc6 3.Bg2 e5 4.O-O e4 5.Ne1 f5 6.d3 Be6 7.c4 dxc4 8.Qa4 cxd3
9.exd3 Qd4 10.Qb5 O-O-O 11.Be3 Qb4 12.Qxb4 Bxb4 13.a3 Bxe1 14.Rxe1 Rxd3 15.f3 exf3
16.Bxf3 Bd5 17.Bxd5 Rxd5 18.Bg5 Re5 19.Nd2 Rxe1+ 20.Rxe1 h6  0-1

[Event "ch-Commonwealth"]
[Site "Mumbai IND"]
[Date "2004.01.12"]
[Round "3"]
[White "Adithya,B"]
[Black "Yogesh,G"]
[Result "0-1"]
[WhiteElo "2040"]
[BlackElo "2268"]

1.Nf3 d5 2.g3 e5 3.d3 Be7 4.Bg2 c6 5.O-O Be6 6.e4 h5 7.h4 Bg4 8.d4 Nd7 9.Qd3 Bxf3
10.Bxf3 g5 11.Bxg5 Bxg5 12.hxg5 Qxg5 13.Nd2 h4 14.Kg2 Ne7 15.Nc4 Ng6 16.Nd6+ Kf8
17.Qb3 Nf4+ 18.Kg1 Rh7 19.Qxb7 Rb8 20.Qxd7 hxg3 21.Qg4 g2  0-1

[Event "ch-Commonwealth"]
[Site "Mumbai IND"]
[Date "2004.01.14"]
[Round "5"]
[White "Sandeep,Y"]
[Black "Gluckman,D"]
[Result "1/2-1/2"]
[WhiteElo "2115"]
[BlackElo "2356"]

1.Nf3 d5 2.g3 Nf6 3.Bg2 g6 4.O-O Bg7 5.d4 O-O 6.c4 dxc4 7.Na3 Nc6 8.Nxc4 Be6
9.b3 Bd5 10.Bb2 a5 11.a4 Qc8 12.Rc1 Rd8 13.e3 h6 14.Qe2 Qe6 15.Rfd1 Ra6 16.Nfe5 Bxg2
17.Kxg2  1/2-1/2

[Event "ch-Commonwealth"]
[Site "Mumbai IND"]
[Date "2004.01.14"]
[Round "5"]
[White "Fominyh,A"]
[Black "Ganguly,S"]
[Result "1-0"]
[WhiteElo "2559"]
[BlackElo "2541"]

1.Nf3 d5 2.g3 g6 3.Bg2 Bg7 4.d4 Nf6 5.c4 dxc4 6.Qa4+ Nfd7 7.Nbd2 a6 8.Qxc4 Nb6
9.Qc2 Nc6 10.O-O O-O 11.Nb3 Bg4 12.h3 Be6 13.Nc5 Qc8 14.Nxe6 Qxe6 15.e3 Nb4
16.Qb1 a5 17.Ng5 Qc8 18.a3 Na6 19.Qe4 h6 20.Nf3 e6 21.Bd2 Nb8 22.Rac1 N8d7
23.Qc2 c6 24.e4 Rd8 25.Qb3 Qb8 26.Bf4 Qa7 27.Rfd1 a4 28.Qe3 Kh7 29.h4 Qa5
30.Bf1 Rac8 31.Be2 Re8 32.h5 c5 33.hxg6+ fxg6 34.dxc5 Nxc5 35.Bd6 Nbd7 36.e5 Qb6
37.Rc4 Na6 38.Qe4 Rxc4 39.Bxc4 Ndc5 40.Qc2 Bh8 41.Bxa6 Nxa6 42.Qxa4 Rd8 43.Qg4 Qxb2
44.Qxe6 Bg7 45.Kg2 Nc5 46.Ng5+  1-0

[Event "XXIX Open"]
[Site "Seville ESP"]
[Date "2004.01.14"]
[Round "6"]
[White "Paunovic,D"]
[Black "Campos Moreno,J"]
[Result "1/2-1/2"]
[WhiteElo "2517"]
[BlackElo "2498"]

1.Nf3 d5 2.g3 e6 3.Bg2 c5 4.O-O Nc6 5.c4 Nf6 6.cxd5 exd5 7.d4 Be7 8.dxc5 Bxc5
9.Bg5 O-O 10.Nc3 d4 11.Bxf6 Qxf6 12.Nd5 Qd8 13.Nd2 Bh3 14.Bxh3 Qxd5 15.Bg2 Qe5
16.Nf3 Qe7 17.Ne1 Rfe8 18.Nd3 Bb6 19.Bf3 Rad8 20.Rc1 Ne5 21.Nxe5 Qxe5 22.Qd3 g6
23.Rc4 Re7 24.Rfc1 Kg7 25.a4 Rd6 26.b4 a6 27.Kg2 Qf6 28.a5 Bd8 29.Rc8 b6
30.axb6 Bxb6 31.Ra8 Ra7 32.Rcc8 Rxa8 33.Rxa8 Bd8 34.Bb7 Be7 35.Bxa6 Rc6 36.Bc4 Bxb4
37.Ra1 Be7 38.Bd5 Rd6 39.Qe4 Kf8 40.Ra4 Rd8 41.Qxd4 Qxd4 42.Rxd4 f5 43.Rd3 Kg7
44.f4 Kf6 45.Kf3 Bc5 46.g4 h6 47.h4 h5 48.g5+ Kg7 49.Rd2 Rd7 50.Rd1 Rd8 51.e4 fxe4+
52.Kxe4 Re8+ 53.Kd3 Re3+ 54.Kc4 Bd6 55.Rd4 Re7 56.Kb5 Bb8 57.Bc4 Rb7+ 58.Ka5 Ra7+
59.Kb4 Rb7+ 60.Kc3 Kh7 61.Bb3 Bc7 62.Ra4 Bb6 63.Bc2 Rc7+ 64.Kb3 Bf2 65.f5 Rb7+
66.Kc3 Be1+ 67.Kd3 gxf5 68.Ke2  1/2-1/2